[Event "GBR-ch86"]
[Site "Scarborough"]
[Date "1999.08.06"]
[Round "5.33"]
[White "Thiruchelvam, Murugan"]
[Black "Haslinger, Stewart"]
[Result "0-1"]
[WhiteElo "2088"]
[BlackElo "2267"]
[PlyCount "94"]
[EventDate "1999.08.02"]
[EventType "swiss"]
[EventRounds "11"]
[EventCountry "GBR"]

1. e4 e5 2. Nf3 Nc6 3. Bc4 Bc5 4. O-O Nf6 5. d3 d6 6. c3 O-O 7. Bb3 a6 8. Nbd2
Ba7 9. Re1 Ng4 10. Re2 Kh8 11. h3 Nh6 12. Nf1 f5 13. Bg5 Qe8 14. Bxh6 gxh6 15.
exf5 Bxf5 16. Bd5 Qc8 17. Qd2 Rf6 18. Kh2 Ne7 19. Be4 Be6 20. Ng3 d5 21. Nh5
Qf8 22. Nxe5 dxe4 23. Nxf6 Qxf6 24. Rxe4 Bxf2 25. d4 Rg8 26. Qe2 Bg3+ 27. Kh1
Bxe5 28. dxe5 Qg6 29. Rf4 Qg5 30. Ra4 Nd5 31. h4 Qg3 32. Qf3 Ne3 33. Qxg3 Rxg3
34. Rg1 Bd5 35. Kh2 Rxg2+ 36. Rxg2 Nxg2 37. Rd4 Ne3 38. Rd3 Ng4+ 39. Kg3 Be6
40. Rd4 Ne3 41. Rb4 b5 42. Re4 Nf5+ 43. Kf2 Bxa2 44. e6 Nd6 45. Re5 Kg7 46. e7
Kf7 47. Rc5 Ne4+ 0-1

[Event "GBR-ch86"]
[Site "Scarborough"]
[Date "1999.08.06"]
[Round "5.35"]
[White "Bisby, Daniel"]
[Black "Richards, Heather"]
[Result "1-0"]
[WhiteElo "2252"]
[BlackElo "2117"]
[PlyCount "65"]
[EventDate "1999.08.02"]
[EventType "swiss"]
[EventRounds "11"]
[EventCountry "GBR"]

1. e4 e6 2. d3 c5 3. g3 g6 4. Bg2 Bg7 5. Nc3 Nc6 6. Be3 Nd4 7. Nce2 Qb6 8. c3
Nxe2 9. Qxe2 Ne7 10. f4 d6 11. Nf3 O-O 12. O-O f5 13. e5 Qc7 14. Qf2 b6 15. d4
cxd4 16. Nxd4 d5 17. Rfc1 Qd7 18. Bf1 Rb8 19. a4 Rd8 20. Bb5 Qb7 21. b4 Bf8 22.
Be2 a6 23. h3 Bd7 24. Qf1 Ra8 25. Kh2 Kh8 26. Qf2 Rab8 27. g4 Rdc8 28. Qh4 Nc6
29. gxf5 gxf5 30. Rg1 Be7 31. Qh6 Rg8 32. Nxe6 Rbe8 33. Rg7 1-0

[Event "GBR-ch86"]
[Site "Scarborough"]
[Date "1999.08.06"]
[Round "5.36"]
[White "Stephenson, F Norman"]
[Black "Sugden, John"]
[Result "1-0"]
[WhiteElo "2212"]
[BlackElo "2241"]
[PlyCount "87"]
[EventDate "1999.08.02"]
[EventType "swiss"]
[EventRounds "11"]
[EventCountry "GBR"]

1. e4 c6 2. d4 d5 3. exd5 cxd5 4. c3 Nc6 5. Bd3 Nf6 6. Bf4 Bg4 7. Nf3 Bxf3 8.
Qxf3 e6 9. O-O Bd6 10. Bg5 h6 11. Bh4 Be7 12. Re1 Qd7 13. Nd2 O-O-O 14. Bg3 Bd6
15. Be5 Bxe5 16. dxe5 Ne8 17. Nb3 Nc7 18. Nc5 Qe7 19. b4 Kb8 20. Qe2 Rhf8 21.
Bb5 Nxb5 22. Qxb5 Rc8 23. Rad1 Ka8 24. a4 b6 25. Nb3 Rfd8 26. Qe2 Qc7 27. Rd3
Re8 28. Rf3 Re7 29. h3 Nb8 30. Nd4 a6 31. Rg3 g6 32. Rf3 h5 33. Kh1 Qc4 34. Qe3
Nc6 35. Nxc6 Rxc6 36. Qh6 Rcc7 37. Qe3 Rb7 38. Rf4 Qb3 39. a5 bxa5 40. Qc5 Rec7
41. Qxa5 Ka7 42. Ra1 Rb6 43. Rf3 Rxc3 44. Rxf7+ 1-0

[Event "GBR-ch86"]
[Site "Scarborough"]
[Date "1999.08.06"]
[Round "5.37"]
[White "Lilley, Graham"]
[Black "Waters, Clive"]
[Result "1/2-1/2"]
[WhiteElo "2235"]
[BlackElo "2158"]
[PlyCount "90"]
[EventDate "1999.08.02"]
[EventType "swiss"]
[EventRounds "11"]
[EventCountry "GBR"]

1. d4 Nf6 2. c4 g6 3. Nc3 d5 4. Nf3 Bg7 5. cxd5 Nxd5 6. e4 Nxc3 7. bxc3 c5 8.
Rb1 O-O 9. Be2 cxd4 10. cxd4 Qa5+ 11. Qd2 Qxd2+ 12. Bxd2 b6 13. O-O e6 14. Rfc1
Bb7 15. Rc7 Bxe4 16. Rbc1 a5 17. Bf4 Na6 18. Bxa6 Bxf3 19. Bd6 Bd5 20. Bxf8
Kxf8 21. Bb7 Re8 22. Bxd5 exd5 23. Rd7 Bxd4 24. Rxd5 Bc5 25. Kf1 Re4 26. Rd7
Rb4 27. Rc2 Kg7 28. g3 Kf6 29. Ke2 Ke6 30. Rb7 h5 31. f3 Ra4 32. Kd1 Ra3 33.
Re2+ Kf6 34. f4 Rf3 35. Rd2 h4 36. Rdd7 hxg3 37. hxg3 Kf5 38. Rxf7+ Ke4 39. Rb8
Rxg3 40. Kc2 a4 41. Re8+ Kd4 42. Rd7+ Kc4 43. Re4+ Kb5 44. Rd5 Rg2+ 45. Rd2 Rg4
1/2-1/2

[Event "GBR-ch86"]
[Site "Scarborough"]
[Date "1999.08.06"]
[Round "5.38"]
[White "Berry, Neil"]
[Black "Jackson, Adrian"]
[Result "1/2-1/2"]
[WhiteElo "2200"]
[BlackElo "2223"]
[PlyCount "91"]
[EventDate "1999.08.02"]
[EventType "swiss"]
[EventRounds "11"]
[EventCountry "GBR"]

1. d4 Nf6 2. c4 g6 3. Nc3 Bg7 4. e4 d6 5. f4 O-O 6. Nf3 Na6 7. Bd3 e5 8. fxe5
dxe5 9. d5 c6 10. O-O cxd5 11. cxd5 Nc5 12. Bc2 Ne8 13. Be3 Nd7 14. d6 Nb6 15.
Bc5 Nd7 16. Ba3 b5 17. Kh1 Rb8 18. Nd5 a5 19. Ne7+ Kh8 20. Nc6 Qb6 21. Nxb8
Qxb8 22. b3 b4 23. Bb2 Nxd6 24. Qd2 f6 25. a3 Nc5 26. Nxe5 Ba6 27. Nd7 Nxd7 28.
Rfd1 Qc8 29. Qxd6 Qxc2 30. Rd2 Qxe4 31. Qxd7 bxa3 32. Bxa3 Re8 33. Rg1 Bb7 34.
Bb2 h5 35. Qd3 Qxd3 36. Rxd3 Re2 37. Rd8+ Kh7 38. Rd7 Bc6 39. Rd6 Rxb2 40. Rxc6
Rxb3 41. Ra6 Ra3 42. Rd1 a4 43. g3 g5 44. Rd7 Kg6 45. Rda7 Ra1+ 46. Kg2 1/2-1/2

[Event "GBR-ch86"]
[Site "Scarborough"]
[Date "1999.08.06"]
[Round "5.39"]
[White "Buckley, Melanie"]
[Black "Smith, Andrew Philip"]
[Result "1/2-1/2"]
[WhiteElo "2075"]
[BlackElo "2275"]
[PlyCount "85"]
[EventDate "1999.08.02"]
[EventType "swiss"]
[EventRounds "11"]
[EventCountry "GBR"]

1. e4 e5 2. Bc4 d6 3. Nf3 Qf6 4. d4 h6 5. Nc3 c6 6. a4 Ne7 7. Be3 Nd7 8. O-O g5
9. Qd2 Ng6 10. Rad1 Be7 11. Ne2 Nf4 12. Ne1 O-O 13. Ng3 exd4 14. Bxd4 Ne5 15.
Be2 Be6 16. b3 Rfd8 17. Nh5 Nxh5 18. Bxh5 Bf8 19. Qe3 c5 20. Ba1 Bg7 21. c4 Qe7
22. Be2 Qc7 23. Nc2 Qb6 24. Rd2 Rd7 25. Rfd1 Re8 26. Bh5 a6 27. Na3 Qd8 28. Qg3
Rf8 29. Nc2 Qb6 30. Be2 Qc6 31. Bd3 Re8 32. h4 Rde7 33. Kf1 Bc8 34. a5 Qc7 35.
Be2 Re6 36. Bc3 Qc6 37. Rd5 Rg6 38. Bh5 Rge6 39. Bf3 Rg6 40. Bh5 Rge6 41. Bf3
Rg6 42. Bh5 Rge6 43. Bf3 1/2-1/2

[Event "GBR-ch86"]
[Site "Scarborough"]
[Date "1999.08.06"]
[Round "5.40"]
[White "Jackson, Oliver"]
[Black "McMahon, Paul"]
[Result "1-0"]
[WhiteElo "2242"]
[BlackElo "2030"]
[PlyCount "43"]
[EventDate "1999.08.02"]
[EventType "swiss"]
[EventRounds "11"]
[EventCountry "GBR"]

1. e4 e5 2. f4 exf4 3. Nf3 d5 4. exd5 Nf6 5. Bc4 Nxd5 6. O-O Be7 7. d4 O-O 8.
Bxd5 Qxd5 9. Bxf4 c5 10. Nc3 Qd8 11. Nb5 Na6 12. d5 Bd7 13. a4 Qb6 14. c4 Bxb5
15. axb5 Nb8 16. Ne5 f6 17. d6 Qxd6 18. Ng6 Qe6 19. Qd5 Qxd5 20. Nxe7+ Kf7 21.
Nxd5 Nd7 22. Nc7 1-0

[Event "GBR-ch86"]
[Site "Scarborough"]
[Date "1999.08.06"]
[Round "5.41"]
[White "Mercs, Peter J"]
[Black "Clarke, Thomas"]
[Result "0-1"]
[WhiteElo "2123"]
[BlackElo "2204"]
[PlyCount "68"]
[EventDate "1999.08.02"]
[EventType "swiss"]
[EventRounds "11"]
[EventCountry "GBR"]

1. e4 e6 2. Nf3 a6 3. d4 d5 4. e5 c5 5. c3 Nc6 6. Be2 Qb6 7. dxc5 Bxc5 8. O-O
Qc7 9. b4 Ba7 10. Bf4 h6 11. Bd3 g5 12. Bg3 g4 13. Nh4 h5 14. a4 Nh6 15. Na3
Bb8 16. Re1 Qe7 17. Nc2 Qg5 18. c4 dxc4 19. Bxc4 O-O 20. f4 Qe7 21. Qd2 Rd8 22.
Qc3 Ba7+ 23. Kh1 Nd4 24. Rad1 Ndf5 25. Rxd8+ Qxd8 26. Nxf5 Nxf5 27. Rf1 Qc7 28.
Qd3 b5 29. Bb3 Bb7 30. Bf2 Qc6 31. Ne1 Bxf2 32. Rxf2 Qc1 33. Re2 Qxf4 34. Qd7
Qf1# 0-1

[Event "GBR-ch86"]
[Site "Scarborough"]
[Date "1999.08.06"]
[Round "5.42"]
[White "Ledger, Stephen C"]
[Black "Cooper, Andrew G"]
[Result "1-0"]
[WhiteElo "2162"]
[BlackElo "2151"]
[PlyCount "73"]
[EventDate "1999.08.02"]
[EventType "swiss"]
[EventRounds "11"]
[EventCountry "GBR"]

1. d4 e6 2. Nf3 Nf6 3. Bf4 b6 4. e3 Be7 5. h3 O-O 6. Be2 Bb7 7. O-O d6 8. c4
Nbd7 9. Nc3 Ne4 10. Qc2 f5 11. Bh2 Bf6 12. Rfd1 a5 13. Rac1 Bh4 14. Nxh4 Qxh4
15. Nxe4 Bxe4 16. Bd3 Bb7 17. f3 Qg5 18. Qf2 Rae8 19. c5 bxc5 20. Bb5 Re7 21.
Bxd7 Rxd7 22. dxc5 Bd5 23. cxd6 cxd6 24. b3 Qd8 25. Rd4 Rc7 26. Rcd1 Rc6 27.
Qd2 Qb6 28. Kh1 Rfc8 29. e4 Rc2 30. Qg5 h6 31. Qg6 Rc1 32. Bg1 fxe4 33. fxe4
Ba8 34. Rxd6 Qc7 35. Rd7 Qe5 36. Rd8+ Rxd8 37. Rxd8# 1-0

[Event "GBR-ch86"]
[Site "Scarborough"]
[Date "1999.08.06"]
[Round "5.43"]
[White "McFarland, Robert S"]
[Black "Lim, Chin Lee"]
[Result "1-0"]
[WhiteElo "2267"]
[BlackElo "2110"]
[PlyCount "106"]
[EventDate "1999.08.02"]
[EventType "swiss"]
[EventRounds "11"]
[EventCountry "GBR"]

1. Nf3 Nf6 2. g3 g6 3. Bg2 Bg7 4. O-O O-O 5. c4 d6 6. d4 Nbd7 7. Nc3 c6 8. e4
Qc7 9. h3 e5 10. Be3 exd4 11. Nxd4 Re8 12. Qc2 Ne5 13. b3 a6 14. f4 Ned7 15.
Bf2 Nc5 16. Rac1 Nh5 17. Rfd1 Ne6 18. Kh2 f5 19. Qd2 fxe4 20. Nxe4 Nc5 21. Nc3
Nf6 22. Qc2 Bd7 23. b4 Ne6 24. Nb3 Rad8 25. Qd2 Bc8 26. a4 Qe7 27. Bb6 Rd7 28.
Re1 Qf8 29. b5 axb5 30. axb5 c5 31. Re3 Kh8 32. Rd3 Bh6 33. Rd1 Nh5 34. Nd5 Rf7
35. Rf1 g5 36. Qd1 Neg7 37. fxg5 Bxg5 38. Rxf7 Qxf7 39. Rf3 Qg6 40. Qf1 Ne6 41.
Ba5 Kg8 42. g4 Nhg7 43. Nf6+ Bxf6 44. Rxf6 Qc2 45. Nc1 Qb2 46. Kh1 Rf8 47.
Rxf8+ Nxf8 48. Bc7 Ne8 49. Bd8 Kg7 50. Nd3 Qd4 51. Nf4 Be6 52. Be7 Bf7 53.
Bxf8+ Kxf8 1-0

[Event "GBR-ch86"]
[Site "Scarborough"]
[Date "1999.08.06"]
[Round "5.44"]
[White "Churm, Rohan"]
[Black "Bushill, Michael"]
[Result "1/2-1/2"]
[WhiteElo "2168"]
[BlackElo "2072"]
[PlyCount "42"]
[EventDate "1999.08.02"]
[EventType "swiss"]
[EventRounds "11"]
[EventCountry "GBR"]

1. d4 Nf6 2. c4 e6 3. Nc3 Bb4 4. Qc2 O-O 5. e4 d6 6. Bd3 e5 7. d5 Na6 8. Nge2
Nc5 9. a3 Bxc3+ 10. Nxc3 a5 11. O-O a4 12. Be3 Nfd7 13. Rae1 b6 14. Be2 Bb7 15.
f4 exf4 16. Rxf4 Qe8 17. Nb5 Qd8 18. Nd4 Ne5 19. Ref1 Bc8 20. h3 Bd7 21. R4f2
Qe7 1/2-1/2

[Event "GBR-ch86"]
[Site "Scarborough"]
[Date "1999.08.06"]
[Round "5.45"]
[White "Harris, Costas"]
[Black "Barton, R Alan"]
[Result "1-0"]
[WhiteElo "2065"]
[BlackElo "2149"]
[PlyCount "77"]
[EventDate "1999.08.02"]
[EventType "swiss"]
[EventRounds "11"]
[EventCountry "GBR"]

1. Nf3 b6 2. g3 Bb7 3. Bg2 e6 4. d3 f5 5. O-O Nf6 6. c4 Be7 7. Nc3 O-O 8. Qc2
Qe8 9. Nb5 Na6 10. a3 c6 11. Nc3 d6 12. Nd4 Nc7 13. Ncb5 cxb5 14. Bxb7 Rb8 15.
Bc6 Qh5 16. Bg2 Rf7 17. cxb5 Bf8 18. Nc6 Ra8 19. a4 g5 20. f4 gxf4 21. Rxf4 e5
22. Rh4 Qg6 23. e4 fxe4 24. dxe4 Ne6 25. Bh3 Ng5 26. Bxg5 Qxg5 27. Be6 Qe3+ 28.
Kh1 Bh6 29. Qb3 d5 30. Qxe3 Bxe3 31. Nxe5 Kg7 32. Nxf7 dxe4 33. Nd6 Bg5 34. Rh3
e3 35. g4 Rd8 36. Nf5+ Kf8 37. Re1 Nxg4 38. Rxh7 Rd2 39. Rh8# 1-0

[Event "GBR-ch86"]
[Site "Scarborough"]
[Date "1999.08.06"]
[Round "5.46"]
[White "Player, Edmund C"]
[Black "Dempsey, Paul"]
[Result "1/2-1/2"]
[WhiteElo "2105"]
[BlackElo "2168"]
[PlyCount "35"]
[EventDate "1999.08.02"]
[EventType "swiss"]
[EventRounds "11"]
[EventCountry "GBR"]

1. e4 Nf6 2. Nc3 d5 3. e5 Nfd7 4. d4 c5 5. f4 e6 6. Nf3 b6 7. Be3 Be7 8. Bd3
Ba6 9. Bxa6 Nxa6 10. Qe2 Nc7 11. O-O Qc8 12. Kh1 Qa6 13. Qxa6 Nxa6 14. Nb5 O-O
15. c3 Rfc8 16. a4 Nab8 17. Na3 Nc6 18. Nc2 1/2-1/2

[Event "GBR-ch86"]
[Site "Scarborough"]
[Date "1999.08.07"]
[Round "6.2"]
[White "Baburin, Alexander"]
[Black "Rowson, Jonathan"]
[Result "1/2-1/2"]
[WhiteElo "2593"]
[BlackElo "2490"]
[PlyCount "55"]
[EventDate "1999.08.02"]
[EventType "swiss"]
[EventRounds "11"]
[EventCountry "GBR"]

1. d4 Nf6 2. c4 g6 3. Nf3 Bg7 4. g3 d5 5. cxd5 Nxd5 6. Bg2 Nb6 7. O-O Nc6 8. e3
e5 9. Nc3 exd4 10. Nxd4 Nxd4 11. exd4 O-O 12. d5 Bf5 13. Bf4 Re8 14. Qb3 Be5
15. Bxe5 Rxe5 16. a4 Rb8 17. Rfe1 Qe7 18. Rxe5 Qxe5 19. a5 Nd7 20. Qb4 Nf6 21.
a6 b5 22. h3 Rb6 23. Nxb5 Bd3 24. Qd4 Qxd4 25. Nxd4 Bxa6 26. Rc1 Bb7 27. Rxc7
Bxd5 28. Bxd5 1/2-1/2

[Event "GBR-ch86"]
[Site "Scarborough"]
[Date "1999.08.07"]
[Round "6.6"]
[White "Al-Rakib, Abdullah"]
[Black "Emms, John M"]
[Result "1/2-1/2"]
[WhiteElo "2367"]
[BlackElo "2586"]
[PlyCount "112"]
[EventDate "1999.08.02"]
[EventType "swiss"]
[EventRounds "11"]
[EventCountry "GBR"]

1. d4 Nf6 2. Nf3 e6 3. c4 c5 4. d5 d6 5. Nc3 exd5 6. cxd5 g6 7. e4 a6 8. a4 Bg4
9. Qb3 Bxf3 10. gxf3 Qc7 11. Bg2 Nbd7 12. O-O Bg7 13. f4 O-O 14. Rd1 Rab8 15.
Be3 Ng4 16. Bd2 Rfe8 17. h3 Ngf6 18. Qc4 Rbc8 19. a5 Qd8 20. b4 cxb4 21. Qxb4
Nc5 22. Be3 Nh5 23. Rac1 Bxc3 24. Rxc3 Qh4 25. Rxc5 Rxc5 26. e5 Rxe5 27. Bxc5
dxc5 28. Qxb7 Re2 29. Qc8+ Kg7 30. Qxc5 Nxf4 31. d6 Ne6 32. Qc3+ Qf6 33. Qf3
Re5 34. d7 Qxf3 35. Bxf3 Nd8 36. Rd5 Re1+ 37. Kg2 Kf8 38. Rd6 Re6 39. Rxe6 fxe6
40. Be2 Ke7 41. Bxa6 Kxd7 42. Bd3 Kc7 43. Kf3 Nc6 44. a6 Ne5+ 45. Ke4 Nxd3 46.
Kxd3 Kb6 47. Ke4 Kxa6 48. Ke5 Kb5 49. Kf6 Kc4 50. Kg7 Kd3 51. Kxh7 Ke2 52. Kxg6
Kxf2 53. h4 e5 54. Kf5 Kf3 55. Kxe5 Kg4 56. h5 Kxh5 1/2-1/2

[Event "GBR-ch86"]
[Site "Scarborough"]
[Date "1999.08.07"]
[Round "6.7"]
[White "Gallagher, Joseph G"]
[Black "Williams, Simon Kim"]
[Result "1-0"]
[WhiteElo "2521"]
[BlackElo "2421"]
[PlyCount "63"]
[EventDate "1999.08.02"]
[EventType "swiss"]
[EventRounds "11"]
[EventCountry "GBR"]

1. e4 e6 2. d3 c5 3. Nf3 Nc6 4. g3 Nge7 5. c3 d5 6. Qe2 b6 7. Na3 Ba6 8. e5 Qc7
9. h4 Ng6 10. Bf4 b5 11. d4 Nxf4 12. gxf4 Rb8 13. Nc2 Rb6 14. dxc5 Bxc5 15. b4
Be7 16. Qe3 f6 17. Ncd4 Nxd4 18. Nxd4 O-O 19. Kd2 Bc8 20. Bd3 Bd7 21. Rhg1 Rf7
22. Rg3 a5 23. a3 Ra6 24. Rc1 axb4 25. cxb4 Qb6 26. Rcg1 Rxa3 27. Rxg7+ Rxg7
28. Rxg7+ Kf8 29. Rxe7 Qa7 30. exf6 Ra2+ 31. Nc2 Qa3 32. Qc5 1-0

[Event "GBR-ch86"]
[Site "Scarborough"]
[Date "1999.08.07"]
[Round "6.8"]
[White "Kosten, Anthony"]
[Black "Lane, Gary William"]
[Result "1/2-1/2"]
[WhiteElo "2515"]
[BlackElo "2409"]
[PlyCount "83"]
[EventDate "1999.08.02"]
[EventType "swiss"]
[EventRounds "11"]
[EventCountry "GBR"]

1. e4 e5 2. Nf3 Nc6 3. Bb5 a6 4. Ba4 Nf6 5. O-O Bc5 6. c3 b5 7. Bc2 d6 8. d4
Bb6 9. h3 Bb7 10. Re1 O-O 11. a3 h6 12. Be3 Nd7 13. Nbd2 Ne7 14. b4 exd4 15.
cxd4 f5 16. Bb3+ Kh8 17. Ng5 Qe8 18. Ne6 Rf6 19. d5 Bxe3 20. Rxe3 Rc8 21. Rc1
c6 22. exf5 Nxf5 23. Nxg7 Nxe3 24. Nxe8 Nxd1 25. Nxf6 Nxf6 26. Rxd1 c5 27. bxc5
Rxc5 28. Nf3 a5 29. Rb1 Nxd5 30. Nd4 Nf4 31. f3 Rg5 32. g4 Nxh3+ 33. Kh2 Nf4
34. Kg3 Nh5+ 35. Kf2 Ng7 36. Rc1 Ne8 37. Bf7 Nf6 38. Rc7 Bd5 39. Nf5 h5 40.
Rc8+ Kh7 41. Rc7 Kh8 42. Rc8+ 1/2-1/2

[Event "GBR-ch86"]
[Site "Scarborough"]
[Date "1999.08.07"]
[Round "6.9"]
[White "Thipsay, Praveen"]
[Black "Heidenfeld, Mark"]
[Result "1/2-1/2"]
[WhiteElo "2492"]
[BlackElo "2368"]
[PlyCount "34"]
[EventDate "1999.08.02"]
[EventType "swiss"]
[EventRounds "11"]
[EventCountry "GBR"]

1. e4 e6 2. d4 d5 3. e5 c5 4. c3 Qb6 5. Nf3 Bd7 6. a3 Bb5 7. c4 dxc4 8. Nc3 Nc6
9. d5 O-O-O 10. d6 f6 11. Qc2 Nxe5 12. Nxe5 fxe5 13. Nxb5 Qxb5 14. Bxc4 Qc6 15.
Bxe6+ Kb8 16. O-O Nf6 17. Be3 Bxd6 1/2-1/2

[Event "GBR-ch86"]
[Site "Scarborough"]
[Date "1999.08.07"]
[Round "6.10"]
[White "Turner, Matthew"]
[Black "Knott, Simon"]
[Result "1-0"]
[WhiteElo "2478"]
[BlackElo "2348"]
[PlyCount "119"]
[EventDate "1999.08.02"]
[EventType "swiss"]
[EventRounds "11"]
[EventCountry "GBR"]

1. c4 Nf6 2. Nc3 d5 3. cxd5 Nxd5 4. g3 g6 5. Bg2 Nxc3 6. bxc3 Bg7 7. Nf3 O-O 8.
Ba3 Nd7 9. O-O c5 10. d4 Qc7 11. Qb3 b6 12. Ne5 Nxe5 13. Bxa8 Be6 14. Bd5 c4
15. Qb5 a6 16. Qb4 Bxd5 17. dxe5 Qxe5 18. Qxe7 Be6 19. Rad1 h5 20. Rd2 Qxc3 21.
Rfd1 Qe5 22. Qd6 Qxd6 23. Rxd6 Rb8 24. Rd8+ Rxd8 25. Rxd8+ Kh7 26. Ra8 a5 27.
Rb8 c3 28. Rxb6 Bxa2 29. Ra6 Bc4 30. Ra7 a4 31. Rxa4 Bxe2 32. Ra7 Kg8 33. Rc7
Bd1 34. Kf1 c2 35. Ke1 Be5 36. Rc8+ Kg7 37. Kd2 Ba1 38. Rc6 Bf6 39. h4 Ba1 40.
f4 Kg8 41. Ke3 Bg7 42. f5 gxf5 43. Kf4 Kh7 44. Kxf5 Bg4+ 45. Kf4 Bh6+ 46. Ke4
Bd1 47. Bb2 Bd2 48. Ke5 Be1 49. Kf6 Bxg3 50. Kg5 f6+ 51. Bxf6 Bd6 52. Rc8 Bf8
53. Rc7+ Kg8 54. Bb2 Bd6 55. Rc6 Be7+ 56. Kg6 Bg4 57. Rb6 Bf8 58. Rb8 Be2 59.
Bg7 Bd3+ 60. Kf6 1-0

[Event "GBR-ch86"]
[Site "Scarborough"]
[Date "1999.08.07"]
[Round "6.11"]
[White "Summerscale, Aaron"]
[Black "Rahman, Ziaur"]
[Result "0-1"]
[WhiteElo "2423"]
[BlackElo "2461"]
[PlyCount "92"]
[EventDate "1999.08.02"]
[EventType "swiss"]
[EventRounds "11"]
[EventCountry "GBR"]

1. d4 d5 2. c4 e6 3. Nf3 c6 4. e3 Bd6 5. Bd3 f5 6. O-O Nf6 7. b3 Qe7 8. a4 O-O
9. Ba3 Bxa3 10. Nxa3 a5 11. Nc2 Ne4 12. Qc1 Nd7 13. Qb2 b6 14. b4 f4 15. Rfe1
Qf6 16. cxd5 cxd5 17. Re2 Ba6 18. b5 Bb7 19. Ne5 Rad8 20. f3 Ng5 21. exf4 Qxf4
22. Qc1 Qh4 23. Qe1 Qf4 24. h4 Nxe5 25. Rxe5 Nf7 26. Rxe6 Bc8 27. Rxb6 Rde8 28.
Qf2 Nh6 29. Re1 Ng4 30. Rxe8 Nxf2 31. Rxf8+ Kxf8 32. Kxf2 Qd2+ 33. Be2 Qxc2 34.
Rc6 Qd2 35. Rxc8+ Ke7 36. Ra8 Qxd4+ 37. Kg3 Qe5+ 38. Kf2 Qc3 39. b6 Qc5+ 40.
Kg3 Qxb6 41. Bb5 d4 42. Re8+ Kf7 43. Re2 Qc7+ 44. Kf2 Qc3 45. Re5 d3 46. Rd5
Qd2+ 0-1

[Event "GBR-ch86"]
[Site "Scarborough"]
[Date "1999.08.07"]
[Round "6.13"]
[White "Kunte, Abhijit"]
[Black "Kidambi, Sundara"]
[Result "1/2-1/2"]
[WhiteElo "2465"]
[BlackElo "2334"]
[PlyCount "76"]
[EventDate "1999.08.02"]
[EventType "swiss"]
[EventRounds "11"]
[EventCountry "GBR"]

1. c4 g6 2. Nc3 Bg7 3. g3 e5 4. Bg2 d6 5. Rb1 f5 6. d3 Nf6 7. Nd5 O-O 8. e3 c6
9. Nxf6+ Qxf6 10. Ne2 Be6 11. O-O d5 12. b3 Nd7 13. Bb2 Qe7 14. cxd5 cxd5 15.
f4 Bf7 16. Qd2 Rfe8 17. Rfe1 Rac8 18. fxe5 Nxe5 19. Nf4 Qd6 20. Bxe5 Bxe5 21.
d4 Bg7 22. Rbc1 Rxc1 23. Rxc1 g5 24. Nd3 Qe7 25. Re1 Qd6 26. Rc1 Qe7 27. Kf2
Qd6 28. Qb4 Qxb4 29. Nxb4 f4 30. exf4 Bxd4+ 31. Kf1 gxf4 32. Bxd5 fxg3 33. hxg3
Re7 34. Rc2 a5 35. Rc8+ Kg7 36. Nc2 Bb6 37. Bxf7 Rxf7+ 38. Kg2 Rf2+ 1/2-1/2

[Event "GBR-ch86"]
[Site "Scarborough"]
[Date "1999.08.07"]
[Round "6.14"]
[White "Duncan, Christopher R"]
[Black "Arkell, Keith C"]
[Result "1/2-1/2"]
[WhiteElo "2297"]
[BlackElo "2462"]
[PlyCount "77"]
[EventDate "1999.08.02"]
[EventType "swiss"]
[EventRounds "11"]
[EventCountry "GBR"]

1. c4 e5 2. Nc3 Bb4 3. Nd5 a5 4. Nf3 d6 5. g3 f5 6. a3 Bc5 7. d4 exd4 8. Bg5
Qd7 9. Nxd4 c6 10. Nc3 h6 11. Bf4 g5 12. Be3 Nf6 13. h4 Ng4 14. Qd2 Nxe3 15.
Qxe3+ Qe7 16. hxg5 Qxe3 17. fxe3 h5 18. O-O-O Na6 19. Bh3 Rg8 20. Nxf5 Bxf5 21.
Bxf5 Rxg5 22. Rxh5 Rxh5 23. Bg6+ Ke7 24. Bxh5 Bxe3+ 25. Kc2 Nc5 26. b4 axb4 27.
axb4 Ne6 28. Rf1 Ng5 29. b5 Bd4 30. Bf3 Kd7 31. bxc6+ bxc6 32. Rb1 Ra6 33. Ne4
Nxf3 34. exf3 Ra2+ 35. Kd3 Be5 36. Rb3 d5 37. cxd5 cxd5 38. Nc3 Rf2 39. Nxd5
1/2-1/2

[Event "GBR-ch86"]
[Site "Scarborough"]
[Date "1999.08.07"]
[Round "6.17"]
[White "Bin-Sattar, Reefat"]
[Black "Shaw, Robert"]
[Result "1-0"]
[WhiteElo "2377"]
[BlackElo "2184"]
[PlyCount "79"]
[EventDate "1999.08.02"]
[EventType "swiss"]
[EventRounds "11"]
[EventCountry "GBR"]

1. e4 e6 2. d4 d5 3. e5 c5 4. c3 Nc6 5. Nf3 Qb6 6. a3 c4 7. Nbd2 Bd7 8. b3 cxb3
9. Nxb3 Na5 10. Nxa5 Qxa5 11. Bd2 Ba4 12. Qb1 Qb6 13. Qxb6 axb6 14. Rb1 Bc6 15.
Bc1 Kd7 16. Bd3 Ra5 17. Rxb6 Bxa3 18. Bd2 Ne7 19. Ke2 h6 20. Rb3 Rha8 21. g4
Ng8 22. h4 g6 23. Ne1 Be7 24. f4 f5 25. h5 fxg4 26. hxg6 Rf8 27. Ng2 Ra2 28.
Rh5 Kc7 29. Bb1 Ra5 30. Kf2 Bb5 31. c4 Ra4 32. Rxb5 Rxc4 33. Be3 Ra8 34. f5
exf5 35. Rxf5 Ra1 36. Rf7 Kc6 37. Rb3 h5 38. Rg7 Ra8 39. Kg3 Rf8 40. Rf7 1-0

[Event "GBR-ch86"]
[Site "Scarborough"]
[Date "1999.08.07"]
[Round "6.18"]
[White "Houska, Miroslav"]
[Black "Broomfield, Matthew"]
[Result "1/2-1/2"]
[WhiteElo "2364"]
[BlackElo "2164"]
[PlyCount "58"]
[EventDate "1999.08.02"]
[EventType "swiss"]
[EventRounds "11"]
[EventCountry "GBR"]

1. d4 Nf6 2. Nc3 d5 3. e4 e6 4. Bg5 Bb4 5. e5 h6 6. Bd2 Bxc3 7. bxc3 Ne4 8. Bd3
Nxd2 9. Qxd2 c5 10. Nf3 b6 11. c4 cxd4 12. Nxd4 O-O 13. O-O Bb7 14. Qe3 dxc4
15. Bxc4 Qc7 16. Bd3 Nc6 17. Nxc6 Qxc6 18. Qg3 Rfd8 19. f4 Rd4 20. Rae1 Rad8
21. Re3 Ra4 22. Qh3 Ba6 23. Bxa6 Rxa6 24. Rg3 Qc5+ 25. Kh1 Qc4 26. Kg1 Qd4+ 27.
Kh1 Qc4 28. Kg1 Qd4+ 29. Kh1 Qc4 1/2-1/2

[Event "GBR-ch86"]
[Site "Scarborough"]
[Date "1999.08.07"]
[Round "6.19"]
[White "Ledger, Andrew"]
[Black "Bisby, Daniel"]
[Result "1/2-1/2"]
[WhiteElo "2431"]
[BlackElo "2252"]
[PlyCount "62"]
[EventDate "1999.08.02"]
[EventType "swiss"]
[EventRounds "11"]
[EventCountry "GBR"]

1. e4 c5 2. Nc3 Nc6 3. g3 g6 4. d3 Bg7 5. Be3 d6 6. Qd2 e5 7. Bg2 Nd4 8. Nd1
Ne7 9. c3 h6 10. f4 Ndc6 11. Nf3 b6 12. d4 Bb7 13. O-O Na5 14. Qd3 Qc8 15. Re1
O-O 16. Rc1 f5 17. Nh4 Rb8 18. b3 c4 19. bxc4 Nxc4 20. Bf2 g5 21. fxg5 hxg5 22.
Nf3 Bxe4 23. Rxe4 fxe4 24. Qxe4 d5 25. Qe2 Bh6 26. Ne3 g4 27. Nxe5 Rxf2 28.
Qxg4+ Kh7 29. N3xc4 Rxg2+ 30. Kxg2 Qg8 31. Rf1 Nf5 1/2-1/2

[Event "GBR-ch86"]
[Site "Scarborough"]
[Date "1999.08.07"]
[Round "6.22"]
[White "Thipsay, Bhagyashree"]
[Black "Greet, Andrew"]
[Result "0-1"]
[WhiteElo "2335"]
[BlackElo "2215"]
[PlyCount "56"]
[EventDate "1999.08.02"]
[EventType "swiss"]
[EventRounds "11"]
[EventCountry "GBR"]

1. e4 c5 2. Nf3 d6 3. d4 Nf6 4. Nc3 cxd4 5. Nxd4 g6 6. Be2 Bg7 7. Be3 O-O 8.
O-O Nc6 9. Nb3 Be6 10. f4 Rc8 11. Kh1 Na5 12. f5 Bc4 13. Bd3 a6 14. Qe2 Bxd3
15. cxd3 Nxb3 16. axb3 d5 17. Bg5 d4 18. Nb1 Nd7 19. Nd2 h6 20. Bh4 Ne5 21. Nc4
Rc6 22. Nxe5 Bxe5 23. Rac1 Rxc1 24. Rxc1 Qd6 25. h3 Kg7 26. Bf2 Rd8 27. Be1 Qf6
28. fxg6 Qf4 0-1